| 000 | 01269nam a22003497a 4500 | ||
|---|---|---|---|
| 003 | CHAP | ||
| 005 | 20220329143511.0 | ||
| 008 | 100223s1982 mx r 00010 spa d | ||
| 010 | _a97599 | ||
| 011 | _a98571 | ||
| 035 | _a109256 | ||
| 040 | _cCHAP | ||
| 090 | _aFolleto 17551 | ||
| 100 | 0 | 0 |
_aCabrera Uribe, José Manuel. _916703 |
| 245 | 1 | 3 |
_aLa economía del bienestar y el óptimo social, las limitantes del mercado y la importancia del análisis beneficio - costo _c/por José Manuel Cabrera Uribe |
| 260 |
_a[México, D.F. ]: _bSARH. Dirección General de Distritos y Unidades de Temporal, _c1982 |
||
| 300 |
_a32 p. : _bgráfs. |
||
| 500 | _aPublicación No. 14 del Departamento de Evaluación | ||
| 590 |
_aBATCH-UPD _b10 _c20130110 _lUCH01 _h1103 |
||
| 590 |
_aBATCH-UPD _b10 _c20130410 _lUCH01 _h0656 |
||
| 590 |
_aBATCH-UPD _b10 _c20130914 _lUCH01 _h0626 |
||
| 590 |
_aCONVERSION _b10 _c20130109 _lUCH01 _h1354 |
||
| 650 | 1 | 4 |
_aAnalisis de costos y beneficio. _95966 |
| 650 | 1 | 4 |
_aBienestar social. _912635 |
| 650 | 1 | 4 |
_aCostos y nivel de vida. _928518 |
| 650 | 1 | 4 |
_aMercados. _974925 |
| 650 | 1 | 4 |
_aOferta y demanda. _982790 |
| 901 | _aBK | ||
| 911 | _aen proceso | ||
| 942 | _cFOLL | ||
| 949 |
_aFolleto 17551 _bBC _cFOLL _d33724002126736 _eTS1 _i109256 _sb |
||
| 999 |
_c97599 _d97599 |
||